zpět

Detail výsledku týmu

Pub Na Plech ČT - Žižkov, Praha

Datum a čas kvízu

42 Celkem bodů Celkový počet nahraných bodů na tomto kvízu bez doplňovacích otázek.
2. Pořadí na kvízu Konečné umístění týmu na tomto kvízu.

Zaznamenané odpovědi

# Otázka Odpověď Body Výsledky
1. Které parlamentní straně vyšly... KDU-ČSL 1
2. Kterou památnou moskevskou bud... mauzoleum (V. I. Lenina) 0
3. Od středy do soboty se konal f... OneRepublic, Macklemore 0.5
4. V pondělí byl ministrem životn... po babičce 1
5. V neděli skončil, tradičně na... Jonas Vingegaard 1
6. Téma věnované Nobelově ceně a... Nobelova cena za mír, v Oslu 1
7. Zobrazený muž je nejspíš první... Jaroslav Vrchlický 0
8. Spojte jména laureátů s obory,... 1D 2A 3C 4B 1
9. Nobelovu cenu za mír mohou obd... Lékaři bez hranic 1
10. Některé oceněné objevy jsou, z... lobotomie 1